| 000 | 00731nam a2200217 a 4500 | ||
|---|---|---|---|
| 001 | 000038004 | ||
| 005 | 20240530073921.0 | ||
| 008 | 130312s2011 dr 000 f spa d | ||
| 020 | _a9789945475241 | ||
| 040 |
_aDO-SdBNP _bspa _cBNPHU |
||
| 082 |
_aRD863.44 _bR788a |
||
| 100 | 1 |
_aRosamantes, José de _d1952- _q(José Roberto Fernández Ramírez) _964404 |
|
| 245 | 1 | 3 |
_aEl amor se fue de viaje / _cJosé de Rosamantes. |
| 260 |
_aSanto Domingo : _bRumbo Sur, _c2011. |
||
| 300 |
_a177 p. ; _c23 cm. |
||
| 500 | _aIncluye datos biográficos del autor en las solapas | ||
| 590 | _aInventariado, 2019/VM | ||
| 650 | 0 |
_aNovela dominicana _9223 |
|
| 650 | 0 |
_aLiteratura dominicana. _967 |
|
| 910 | _aValidado. Control de calidad MFF | ||
| 999 |
_c37494 _d37494 |
||